[Event "Richardson Cup"]
[Site "Grangemouth"]
[Date "1998.??.??"]
[Round "1"]
[White "Orr, Mark J L"]
[Black "Mannion, Stephen R"]
[Result "1/2-1/2"]
[WhiteElo "2360"]
[BlackElo "2370"]

1.d4 Nf6 2.Bg5 Ne4 3.Bf4 c5 4.f3 Qa5+ 5.c3 Nf6 6.d5 Qb6 7.b3 e6 8.e4 exd5
9.exd5 Bd6 10.Bg5 Be7 11.c4 O-O 12.Nc3 Re8 13.Nge2 d6 14.Qd2 Nbd7 15.Be3 Ne5
16.Ng3 Bd7 17.Be2 h6 18.O-O Bf8 19.h3 Re7 20.Kh1 Rae8 21.Bg1 a6 22.f4 Ng6
23.Bd3 Qa5 24.a4 Rb8 25.Qc2 Ree8 26.Nce4 Be7 27.Be3 Qd8 28.Bd2 Nxe4 29.Bxe4 Bf6
30.Bc3 Nf8 31.Nh5 Bxc3 32.Qxc3 f6 33.Rae1 Re7 34.Qg3 f5 35.Nf6+ Kh8 36.Nxd7 Qxd7
37.Bd3 Rbe8 38.Rxe7 Rxe7 39.Re1 Rxe1+ 40.Qxe1 g6 41.Qe2 a5 42.g4 fxg4 43.hxg4 Qf7
44.Qe3 Kg7 45.Be2 b6 46.Kg2 Nh7 47.Kg3 g5 48.Bd3 gxf4+ 49.Qxf4 Qxf4+ 50.Kxf4 Ng5
51.Be2 Kf6 52.Bf1 Nf7  1/2-1/2

[Event "Gyongyos Matra Kupa"]
[Site "Gyongyos"]
[Date "1998.??.??"]
[Round "9"]
[White "Balogh, Lajos"]
[Black "Parkanyi, Attila"]
[Result "0-1"]
[WhiteElo "2125"]
[BlackElo "2395"]

1.d4 Nf6 2.Bg5 Ne4 3.Bf4 c5 4.f3 Qa5+ 5.c3 Nf6 6.dxc5 Qxc5 7.e4 d6 8.Qd2 g6
9.Na3 Bg7 10.Be3 Qa5 11.Bc4 O-O 12.Ne2 Nc6 13.O-O a6 14.Bb3 b5 15.Nd4 Bb7
16.Nac2 Ne5 17.Rfd1 Qc7 18.Na3 Rac8 19.Rac1 Nc4 20.Nxc4 bxc4 21.Bc2 Rfd8
22.Qf2 d5 23.exd5 Nxd5 24.Bg5 Re8 25.Re1 e5 26.Ne2 f6 27.Bd2 f5 28.Kh1 Qa5
29.Ra1 Nf6 30.b4 Qc7 31.Be3 e4 32.Bf4 Qf7 33.Rad1 exf3 34.gxf3 Ng4 35.Qg3 Ne3
36.Rd2 Nxc2 37.Rxc2 Rcd8 38.Rf1 Rd3 39.h4 Qd5 40.Kg2 Rxf3 41.Rxf3 Qd3 42.Nd4 Bxd4
43.Rd2  0-1

[Event "Capablanca mem Masters II"]
[Site "Havana"]
[Date "1998.??.??"]
[Round "1"]
[White "Arribas, Maritza"]
[Black "Calzetta, Monica"]
[Result "0-1"]
[WhiteElo "2305"]
[BlackElo "2175"]

1.d4 Nf6 2.Bg5 Ne4 3.Bh4 g5 4.f3 gxh4 5.fxe4 c5 6.e3 Qb6 7.Nc3 e6 8.Nf3 Nc6
9.Qd2 Bh6 10.Na4 Qb4 11.Qxb4 Nxb4 12.Kd1 cxd4 13.exd4 Rg8 14.c3 Nc6 15.e5 b6
16.b3 Ne7 17.Nxh4 Nd5 18.Rb1 Bb7 19.Rb2 Rc8 20.c4 Ne3+ 21.Ke1 Rg4 22.Nf3 Bxf3
23.gxf3 Rxd4 24.Nc3 Ke7 25.Ne4 Rg8 26.Re2 Rd1+ 27.Kf2 Nf5 28.Nf6 Rg7 29.Re4 Rd2+
30.Be2 Bg5 31.Nh5 Rg8 32.f4 Bh4+ 33.Kf3 Rxa2 34.Rd1 Rb2 35.Rd3 Rg1 36.c5 bxc5
37.Rc4 Nd4+ 38.Rdxd4 cxd4 39.Rxd4 Rxb3+ 40.Ke4 Bf2 41.Rd2 Re3+  0-1

[Event "HUN-chT9899"]
[Site "HUN"]
[Date "1998.??.??"]
[Round "?"]
[White "Kallai, Gabor"]
[Black "Sherzer, Alex"]
[Result "0-1"]
[WhiteElo "2505"]
[BlackElo "2470"]

1.d4 Nf6 2.Bg5 Ne4 3.Bf4 e6 4.Nd2 Nxd2 5.Qxd2 d5 6.Nf3 c5 7.dxc5 Bxc5 8.e3 O-O
9.a3 Nc6 10.c4 a5 11.cxd5 exd5 12.Bd3 h6 13.O-O Bg4 14.Ne5 Nxe5 15.Bxe5 Re8
16.Bg3 a4 17.h3 Bd7 18.Rac1 b6 19.Be2 Bc6 20.Bf3 Qf6 21.Qc3 Qxc3 22.Rxc3 Rad8
23.Rfc1 Bb5 24.Rxc5 bxc5 25.Rxc5 Bc4 26.Bc7 Rc8 27.Bg4 Ra8 28.Ba5 g6 29.Bc3 h5
30.Bd1 Reb8 31.g4 h4 32.Bf3 Rc8 33.Bxd5 Rxc5 34.Bxa8 Bd5 35.Bxd5 Rxd5 36.Kg2 Rd1
37.Bf6 Rd2 38.Kf3 Kf8 39.Bc3 Rc2 40.Bf6 Ke8 41.Bc3 Kd7 42.Bf6 Ke6 43.Bc3 Rc1
44.Bd2 Rh1 45.Bc3 Rg1 46.e4 Rd1 47.g5 Rg1 48.Bd2 Kd6 49.Be3 Ke5 50.Bd2 Kd4
51.Bc3+ Kd3 52.Bf6 Rh1 53.Bc3 Rg1 54.Bf6 Re1 55.e5 Rg1 56.Be7 Kd4 57.Bf6 Kd5
58.Kf4 Ke6  0-1

[Event "HUN-chT9899"]
[Site "HUN"]
[Date "1998.??.??"]
[Round "?"]
[White "Meszaros, Gyula"]
[Black "Marton, Jozsef"]
[Result "1-0"]
[WhiteElo "2305"]
[BlackElo "2155"]

1.d4 Nf6 2.Bg5 Ne4 3.Bf4 c5 4.f3 g5 5.Bc1 Qa5+ 6.c3 Nd6 7.Nd2 cxd4 8.Nb3 Qa4
9.Qxd4 Qxd4 10.cxd4 Rg8 11.e4 a5 12.Bd3 a4 13.Nd2 Nc6 14.e5 Nb4 15.Bxh7 Rg7
16.Bb1 Nb5 17.Ne2 Nc6 18.Ne4 d5 19.exd6 g4 20.Bh6 gxf3 21.Bxg7 Bxg7 22.gxf3 Nbxd4
23.Nxd4 Bxd4 24.a3 Bxb2 25.Ra2 Be5 26.dxe7 Kxe7 27.Rf2 Bf4 28.Nc3 Be6 29.Rb2 Nd8
30.Rb4 Bd6 31.Rxa4 Rc8 32.Ne2 b5 33.Ra7+ Kf6 34.Be4 b4 35.Ra6 Bc5 36.axb4 Bxb4+
37.Kf2 Bc5+ 38.Kg2 Be7 39.Rc1 Rb8 40.Nf4 Kg7 41.Rc7 Rb2+ 42.Kg3  1-0

[Event "HUN-chT9899"]
[Site "HUN"]
[Date "1998.??.??"]
[Round "?"]
[White "Szabo, Zsolt"]
[Black "Nagy, Robert"]
[Result "1-0"]
[WhiteElo "2415"]
[BlackElo "2215"]

1.d4 Nf6 2.Bg5 Ne4 3.Bf4 d5 4.e3 c5 5.Bd3 Qb6 6.Bxe4 dxe4 7.Nc3 cxd4 8.exd4 Nc6
9.Qd2 g5 10.Be3 Bg7 11.Nge2 Qxb2 12.O-O Qb4 13.Rab1 Qd6 14.Nxe4 Qg6 15.N4g3 h5
16.f4 h4 17.f5 Qh7 18.Ne4 Bxf5 19.Nxg5 Qg6 20.Rb5 e6 21.d5 Rd8 22.Nf4 Qf6
23.Nfxe6 fxe6 24.Nxe6 Bxe6 25.Rxf6 Bxf6 26.Qe1 Rxd5 27.Bg5 Bd4+ 28.Kh1 Re5
29.Rxe5 Bxe5 30.Bxh4 Kd7 31.Bg3 Bd4 32.Qd2 Rf8 33.Bf4 Kc8 34.h3 Rg8 35.c3 Bc5
36.Kh2 Rd8 37.Qe2 Bd5 38.Qg4+ Rd7 39.a4 Nd8 40.Bg3 Ne6 41.c4 Rg7 42.Qe2 Bc6
43.Qxe6+ Rd7 44.a5 Kd8 45.Qg8+  1-0

[Event "HUN-chT29899"]
[Site "HUN"]
[Date "1998.??.??"]
[Round "?"]
[White "Gaspar, Zoltan"]
[Black "Tamas, Gyorgy"]
[Result "1-0"]
[WhiteElo "2205"]
[BlackElo "2165"]

1.d4 Nf6 2.Bg5 Ne4 3.Bf4 c5 4.f3 Qa5+ 5.c3 Nf6 6.e4 cxd4 7.Qxd4 Nc6 8.Qe3 e5
9.Bg3 d5 10.b4 Nxb4 11.cxb4 Bxb4+ 12.Nd2 dxe4 13.fxe4 O-O 14.Nf3 Bg4 15.Bd3 Rfd8
16.Nxe5 Bxd2+ 17.Qxd2 Qxd2+ 18.Kxd2 Nxe4+ 19.Ke3 Nxg3 20.hxg3 Re8 21.Kf4 Be6
22.Bxh7+ Kf8 23.Be4 Ke7 24.Bxb7 g5+ 25.Kf3  1-0

[Event "HUN-chT 9798"]
[Site "Hungary"]
[Date "1998.??.??"]
[Round "?"]
[White "Puschmann, Laszlo"]
[Black "Fusthy, Zsolt"]
[Result "1/2-1/2"]
[WhiteElo "2280"]
[BlackElo "2325"]

1.d4 Nf6 2.Bg5 Ne4 3.Bf4 c5 4.f3 Qa5+ 5.c3 Nf6 6.d5 e6 7.e4 exd5 8.exd5 d6
9.Bd2 Qc7 10.c4 b5 11.Nc3 b4 12.Nce2 a5 13.Ng3 Qe7+ 14.Kf2 Qe5 15.Qc2 Qd4+
16.Be3 Qh4 17.Bd3 Nbd7 18.Re1 Ne5 19.Kf1 Be7 20.Bf2 Qf4 21.N1e2 Qh6 22.Bf5 g6
23.Bxc8 Rxc8 24.Nc1 Qf4 25.b3 O-O 26.Be3 Qh4 27.Bf2 Qf4 28.Be3  1/2-1/2

[Event "HUN-chT 9798"]
[Site "Hungary"]
[Date "1998.??.??"]
[Round "?"]
[White "Vamos, Viktor"]
[Black "Grabics, Monika"]
[Result "1/2-1/2"]
[WhiteElo "2220"]
[BlackElo "2255"]

1.d4 Nf6 2.Bg5 Ne4 3.Bf4 c5 4.f3 Nf6 5.dxc5 Na6 6.Qd4 Qa5+ 7.Nc3 Nb4 8.Qd2 Qxc5
9.O-O-O g6 10.a3 Nc6 11.e4 d6 12.Na4 Qa5 13.Qxa5 Nxa5 14.e5 dxe5 15.Bxe5 Bh6+
16.Kb1 O-O 17.Bc3 Nc6 18.Bb5 Bg7 19.Ne2 Nd7 20.Bxg7 Kxg7 21.Bxc6 bxc6 22.Nd4 c5
23.Nb3 c4 24.Na5 Ne5  1/2-1/2

[Event "HUN-chT 9798"]
[Site "Hungary"]
[Date "1998.??.??"]
[Round "?"]
[White "Meszaros, Gyorgy"]
[Black "Lengyel, Ferenc"]
[Result "1/2-1/2"]
[WhiteElo "2195"]
[BlackElo "2270"]

1.d4 Nf6 2.Bg5 Ne4 3.Bf4 d5 4.f3 Nf6 5.e4 dxe4 6.Nc3 exf3 7.Nxf3 Bg4 8.h3 Bh5
9.g4 Bg6 10.Bg2 c6 11.Ne5 Nbd7 12.Qe2 Nxe5 13.dxe5 Nd7 14.e6 fxe6 15.O-O-O e5
16.Bxe5 Qa5 17.Bg3 O-O-O 18.Qe6 Qg5+ 19.Kb1 Qf6 20.Nb5 cxb5 21.Bxb7+ Kxb7
22.Rxd7+ Rxd7 23.Qxd7+ Ka6 24.Qc8+ Ka5 25.Bc7+ Ka4 26.g5 Qc6 27.Rc1 Be4 28.a3 b4
29.Ka2 Qb7 30.b3+ Kb5 31.a4+ Ka6 32.Qe6+ Qc6 33.Qc8+ Qb7 34.Qe6+  1/2-1/2

[Event "Zemplen Kupa op"]
[Site "Hungary"]
[Date "1998.??.??"]
[Round "4"]
[White "Turzo, Attila"]
[Black "Toth, Jozsef"]
[Result "1-0"]
[WhiteElo "2345"]
[BlackElo "2090"]

1.d4 Nf6 2.Bg5 Ne4 3.Bf4 d5 4.e3 e6 5.Bd3 Bd6 6.Bxe4 Bxf4 7.exf4 dxe4 8.Nc3 f5
9.Qd2 c5 10.O-O-O cxd4 11.Qxd4 Qxd4 12.Rxd4 O-O 13.f3 Nc6 14.Rd2 e5 15.fxe5 e3
16.Re2 f4 17.g3 Nd4 18.Re1 g5 19.h4 g4 20.gxf4 gxf3 21.Rxe3 Rxf4 22.Re4 Rxe4
23.Nxe4 Bf5 24.Nf2 Re8 25.c3 Ne2+ 26.Nxe2 fxe2 27.Kd2 Rxe5 28.Re1 Be6 29.Nd3 Ra5
30.a3 Bg4 31.Nf4 Rf5 32.Nxe2 Rf2 33.Ke3 Rh2 34.c4 Bxe2 35.Rxe2 Rxh4 36.Kd3 Kf7
37.c5 h5 38.Re3 Rg4 39.b4 h4 40.Ke2 Rg3 41.Re4 Rxa3 42.Rxh4 Ra2+ 43.Kd3 Ke6
44.Rh7 b6 45.c6  1-0

[Event "Klatovy op-A"]
[Site "Klatovy"]
[Date "1998.??.??"]
[Round "?"]
[White "Cech, Pavel"]
[Black "Mirumian, Vigen"]
[Result "1/2-1/2"]
[WhiteElo "2330"]
[BlackElo "2505"]

1.d4 Nf6 2.Bg5 Ne4 3.h4 d5 4.Nd2 Nxd2 5.Qxd2 c5 6.e3 Nc6 7.Nf3 f6 8.Bf4 Bg4
9.Be2 e6 10.Ng5 Bf5  1/2-1/2

[Event "Klatovy op-A"]
[Site "Klatovy"]
[Date "1998.??.??"]
[Round "?"]
[White "Heinrich, T."]
[Black "Vrkoc, D."]
[Result "1/2-1/2"]
[WhiteElo "2330"]
[BlackElo "2035"]

1.d4 Nf6 2.Bg5 Ne4 3.Bf4 d5 4.f3 g5 5.Bc1 Nd6 6.Bxg5 Bf5 7.Nc3 Rg8 8.Bf4 e6
9.e3 a6 10.Qd2 Nd7 11.g4 Bg6 12.h4 h5 13.g5 Rc8 14.Bd3 c5 15.Bxg6 fxg6 16.Bxd6 Bxd6
17.Nge2 Qb6 18.O-O-O Rf8 19.f4 Rf7 20.Qd3 Bf8 21.Rhf1 c4 22.Qd2 Qc6 23.e4 b5
24.exd5 exd5 25.Qe3+ Kd8 26.Qf3 Rf5 27.Rde1 b4 28.Nd1 b3 29.axb3 cxb3 30.c3 Nb6
31.Qe3 Kd7 32.Rf2 Re8 33.Qg3  1/2-1/2

[Event "Klatovy op-B"]
[Site "Klatovy"]
[Date "1998.??.??"]
[Round "?"]
[White "Danes, F."]
[Black "Kopp, Lubomir"]
[Result "1/2-1/2"]
[WhiteElo "1800"]
[BlackElo "1705"]

1.d4 Nf6 2.Bg5 Ne4 3.Bf4 d6 4.f3 Nf6 5.e4 Nbd7 6.Bc4 e5 7.dxe5 dxe5 8.Be3 Qe7
9.Nc3 c6 10.Qd2 Nb6 11.Bb3 Be6 12.Qf2 Bxb3 13.axb3 Nfd7 14.Nge2 Qb4 15.O-O Bc5
16.Bxc5 Qxc5 17.Rfd1 Ke7 18.Rd2 a6 19.Rad1 Qxf2+ 20.Kxf2 Rad8 21.Ng3 g6 22.Nge2 Nc5
23.Rxd8 Rxd8 24.Rxd8 Kxd8 25.Ke3 Ne6 26.Nd1 a5 27.Nf2 Ke7 28.Ng4 Kd6 29.Kd3 Nd7
30.Ne3 b5 31.Kd2 h5 32.Kd3 Nf4+ 33.Kd2 Nxe2 34.Kxe2 Ke6 35.Nd1 f5 36.Nf2 Nc5
37.Nd3 Kd6 38.Nxc5 Kxc5 39.Kd3 f4 40.c3 Kd6 41.Kd2 Ke6 42.Ke2 Kf6 43.Kf2  1/2-1/2

[Event "RUS-Cup"]
[Site "Krasnodar"]
[Date "1998.??.??"]
[Round "1"]
[White "Batikiants, S."]
[Black "Vokarev, Sergey"]
[Result "0-1"]
[WhiteElo "2195"]
[BlackElo "2485"]

1.d4 Nf6 2.Bg5 Ne4 3.h4 d5 4.Nd2 Nxg5 5.hxg5 g6 6.Ngf3 Bg7 7.e4 c5 8.exd5 cxd4
9.Bb5+ Kf8 10.Bc4 Nd7 11.Rh4 Nb6 12.Bb3 Nxd5 13.Nxd4 h6 14.Qf3 e6 15.O-O-O Qxg5
16.Rg4 Qe7 17.Re1 Nc7 18.c3 Kg8 19.Qg3 Rh7 20.N2f3 a5 21.a4 Ra6 22.Nh4 Qd6
23.Qxd6 Rxd6 24.Nc2 Bd7 25.Ne3 b5 26.axb5 Bxb5 27.Nf3 h5 28.Rg5 Bh6 29.Rc5 Rc6
30.Rxc6 Bxc6 31.Rd1 Nd5 32.Bxd5 Bxd5 33.Kc2 Bxe3 34.fxe3 f6 35.Ra1 Be4+ 36.Kd2 Rd7+
37.Ke2 Rb7 38.Ra2 Bd5 39.Rxa5 Rxb2+ 40.Nd2 Bxg2 41.c4 h4  0-1

[Event "PER-ch sf"]
[Site "Lima"]
[Date "1998.??.??"]
[Round "9"]
[White "Pacheco Asmat, Jorge"]
[Black "Esplana, Christian"]
[Result "1-0"]
[WhiteElo "2370"]
[BlackElo "2150"]

1.d4 Nf6 2.Bg5 Ne4 3.Bf4 d5 4.e3 Bf5 5.f3 Nf6 6.c4 c6 7.Nc3 e6 8.g4 Bg6 9.h4 h6
10.Qb3 Qb6 11.c5 Qxb3 12.axb3 Nfd7 13.b4 Be7 14.Bg3 O-O 15.Nh3 Re8 16.Kd2 Bf6
17.g5 hxg5 18.hxg5 Bd8 19.b5 Bf5 20.Bd3 Bxh3 21.Rxh3 Bxg5 22.Bh7+ Kf8 23.Bd6+ Be7
24.Bf5 Bxd6 25.cxd6 g6 26.Rh8+  1-0

[Event "FRA-chB"]
[Site "Meribel"]
[Date "1998.??.??"]
[Round "1"]
[White "Neiman, Emmanuel"]
[Black "Lejarre, Ludovic"]
[Result "0-1"]
[WhiteElo "2305"]
[BlackElo "2185"]

1.d4 Nf6 2.Bg5 Ne4 3.Bf4 d5 4.e3 Bf5 5.f3 Nf6 6.c4 e6 7.Nc3 Bd6 8.Bxd6 Qxd6
9.Qb3 Nc6 10.c5 Qd7 11.Bb5 O-O 12.g4 Bg6 13.Nge2 Qe7 14.Nf4 e5 15.Nxg6 hxg6
16.g5 Nh5 17.Rg1 exd4 18.Nxd5 Qxc5 19.Rg2 Na5 20.exd4 Nxb3 21.dxc5 Nxa1 22.f4 c6
23.Ne7+ Kh7 24.Be2 Rfe8 25.Bxh5 Rxe7+  0-1

[Event "Miskolc Avas op"]
[Site "Miskolc"]
[Date "1998.??.??"]
[Round "5"]
[White "Turzo, Attila"]
[Black "Varadi, Viktor"]
[Result "1-0"]
[WhiteElo "2415"]
[BlackElo "2150"]

1.d4 Nf6 2.Bg5 Ne4 3.Bf4 d5 4.e3 g6 5.Bd3 Nf6 6.c4 c6 7.Nc3 Bg7 8.h3 O-O
9.Nf3 Nbd7 10.O-O Nb6 11.cxd5 Nbxd5 12.Be5 Bf5 13.Bxf5 gxf5 14.Qd3 e6 15.Nd2 Qe7
16.e4 Nxc3 17.bxc3 fxe4 18.Nxe4 Nxe4 19.Qxe4 Bxe5 20.Qxe5 Rad8 21.c4 b5 22.Qg3+ Kh8
23.cxb5 cxb5 24.Qe5+ f6 25.Qxb5 Rxd4 26.Rac1 Rfd8 27.Qb3 Rd3 28.Rc3 Rd2 29.Rc6 R2d6
30.Rfc1 Qd7 31.Qf3 e5 32.Rc7 Rd1+ 33.Kh2 Qd6 34.Rxd1  1-0

[Event "Montpellier opA"]
[Site "Montpellier"]
[Date "1998.??.??"]
[Round "1"]
[White "Agababean, Naira"]
[Black "Therkildsen, Thomas"]
[Result "0-1"]
[WhiteElo "2270"]
[BlackElo "2025"]

1.d4 Nf6 2.Bg5 Ne4 3.Bf4 d5 4.f3 Nd6 5.Nd2 Nc6 6.e3 f6 7.Bxd6 Qxd6 8.c4 e5
9.cxd5 Qxd5 10.Bc4 Qa5 11.d5 Nb4 12.Kf2 b5 13.Bb3 Bb7 14.Ne4 O-O-O 15.Nc3 c6
16.a4 bxa4 17.Rxa4 Qb6 18.Qa1 Nd3+ 19.Ke2 Qxb3 20.Kxd3 Rxd5+ 21.Ke2 Qc2+
22.Kf1 Rd2 23.Nge2 Bc5 24.Kf2 Qd3 25.Re4 Ba6 26.Re1 Kb7 27.Qa5 Bb6 28.Qb4 Re8
29.Kg3 Kc7 30.Qb3 Qd6 31.Nc1 Re7 32.Ra4 Bc8 33.Re2 Rxe2 34.N3xe2 e4+ 35.f4 Qd2
36.Kf2 g5 37.g3 gxf4 38.gxf4 Bh3 39.Qc3 Qd1  0-1

[Event "Montpellier opA"]
[Site "Montpellier"]
[Date "1998.??.??"]
[Round "1"]
[White "Testud, Philippe"]
[Black "Dizdar, Goran"]
[Result "0-1"]
[WhiteElo "2230"]
[BlackElo "2530"]

1.d4 Nf6 2.Bg5 Ne4 3.Bh4 d5 4.f3 Nf6 5.e4 dxe4 6.fxe4 Nxe4 7.Nf3 Nf6 8.Bc4 e6
9.Nc3 Be7 10.Qe2 O-O 11.O-O-O Nbd7 12.Rhg1 c6 13.g4 b5 14.Bd3 b4 15.Ne4 Nxe4
16.Qxe4 g6 17.Bf2 Qa5 18.Kb1 Ba6 19.Qxc6 Bxd3 20.Rxd3 Nf6 21.Nd2 Nd5 22.Nb3 Qb6
23.Qxb6 axb6 24.Bg3 Ra6 25.h4 b5 26.Nc1 Rc8 27.Rg2 h6 28.Rf2 g5 29.h5 Rca8
30.Rdf3 f6 31.Rb3 Rc8 32.Ne2 Rc4 33.Rff3 Rc8 34.c3 Rca8 35.Nc1 bxc3 36.bxc3 Ra5
37.Kc2 Kf7 38.Kd3 Ke8 39.Rf2 Kd7 40.Rc2 R8a6 41.Be1 Nb6 42.Re2 Bd6 43.Ke4 Nc4
44.Rf2 Bg3 45.Rf1 Bxe1 46.Rxe1 Rxa2 47.Nxa2 Nd2+ 48.Kd3 Nxb3 49.Nb4 Ra1 50.Rxa1 Nxa1
51.c4 bxc4+ 52.Kxc4 Kd6 53.Kc3 f5 54.Nd3 Kd5 55.Nf2 f4 56.Nh3 Ke4 57.Nxg5+ hxg5
58.h6 f3 59.h7 f2 60.h8=Q f1=Q 61.Qe5+ Kf3 62.Qf6+ Kg2 63.Qxg5 Qf3+ 64.Kc4 Qe2+
65.Kb4 Qb2+ 66.Kc4 Qa2+ 67.Kb5 Nb3 68.Qe5 Qa5+ 69.Kc6 Qc3+ 70.Kd6 Nxd4 71.g5 Qa3+
72.Kd7 Qa4+ 73.Kd6 Qb4+ 74.Kd7 Qb7+ 75.Ke8 Qd5 76.Qxd5+ exd5 77.Kd7 Kf3 78.g6 Nf5
79.Ke6 Ke4  0-1

[Event "Montpellier opA"]
[Site "Montpellier"]
[Date "1998.??.??"]
[Round "2"]
[White "San Marco, Bruno"]
[Black "Magerramov, Elmar"]
[Result "1/2-1/2"]
[WhiteElo "2245"]
[BlackElo "2565"]

1.d4 Nf6 2.Bg5 Ne4 3.Bf4 d5 4.e3 c5 5.Bd3 Nf6 6.c3 Nc6 7.Nd2 Qb6 8.Ngf3 Bg4
9.h3 Bh5 10.O-O e6 11.Qa4 Be7 12.Ne5 O-O 13.dxc5 Bxc5 14.b4 Be7 15.Nxc6 bxc6
16.Nb3 Bg6 17.Ba6 Ne4 18.Be5 f6 19.Bd4 Qc7 20.c4 e5 21.Bb2 Rfb8 22.cxd5 cxd5
23.Rac1 Qd6 24.Bb5 a6 25.Bc6 Be8 26.a3 Bxc6 27.Rxc6 Qd7 28.Rfc1 Bf8 29.Na5 Rd8
30.Qd1 Qf7 31.Qe2 Rd6 32.Rxd6 Nxd6 33.Qd3 h5 34.Rc6 Nb5 35.a4 e4 36.Qb3 Nd6
37.Bd4 Nf5 38.Bc5 Nh4 39.Bxf8 Rxf8 40.Rd6 Qg6 41.Qxd5+ Kh7 42.g3 Nf5 43.Re6 Nxg3
44.fxg3 Qxg3+ 45.Kf1 Qxh3+ 46.Ke2 f5 47.Nc4 Qg2+ 48.Ke1 h4 49.Qd6 Qg1+ 50.Ke2 Qg2+
51.Ke1 Qg1+  1/2-1/2

[Event "Moscow Kasparov Cup"]
[Site "Moscow"]
[Date "1998.??.??"]
[Round "9"]
[White "Denisov, Andrey"]
[Black "Bereslavsky, Mikhail"]
[Result "1/2-1/2"]
[WhiteElo "2180"]
[BlackElo "2075"]

1.d4 Nf6 2.Bg5 Ne4 3.Bh4 d5 4.f3 Nf6 5.Bxf6 exf6 6.c4 c5 7.e3 cxd4 8.Qxd4 Qa5+
9.Nc3 dxc4 10.Bxc4 Nc6 11.Qd5 Be6 12.Qxa5 Nxa5 13.Bb5+ Nc6 14.O-O-O Bc5 15.e4 O-O
16.Nge2 Rac8 17.Kb1 a6 18.Bxc6 Rxc6 19.g4 b5 20.Nd5 Re8 21.Nef4 Bd6 22.h3 Rec8
23.Rd2 Kf8 24.Rhd1 h6 25.Ne2 Bxd5 26.Rxd5 Be5 27.Rc1 Ke7 28.a3 Rxc1+ 29.Nxc1 Rd8
30.Rd3 g6 31.Kc2 Rc8+ 32.Kb1 Rd8 33.b3 Rxd3 34.Nxd3 Bd6 35.b4 Ke6 36.Kc2 f5
37.gxf5+ gxf5 38.Kc3 fxe4 39.fxe4 Be5+ 40.Kd2 Bd4 41.Ke2 Kf6 42.Kf3  1/2-1/2

[Event "EU-ch U16 Girls"]
[Site "Murek"]
[Date "1998.??.??"]
[Round "2"]
[White "Charkhalashvili, Inga"]
[Black "Polovnikova, Ekaterina"]
[Result "1-0"]
[WhiteElo "2075"]
[BlackElo "2325"]

1.d4 Nf6 2.Bg5 Ne4 3.Bh4 c5 4.f3 g5 5.fxe4 gxh4 6.c3 Qb6 7.b3 Bg7 8.e3 cxd4
9.exd4 e5 10.Qg4 Qh6 11.d5 Qc1+ 12.Qd1 Qb2 13.Nd2 Qxc3 14.Rc1 Qe3+ 15.Qe2 Qxe2+
16.Bxe2 Ke7 17.Ngf3 Bf6 18.Nc4 d6 19.Ne3 Na6 20.Bxa6 bxa6 21.Rc6 Bd7 22.Rxa6 h3
23.g3 Rhc8 24.Kd2 Bg7 25.g4 f6 26.Nf5+ Bxf5 27.gxf5 Bh6+ 28.Kd3 Rc7 29.b4 Rac8
30.Ra3 Rc2 31.Rg1 Bc1 32.Rb3 Kf7 33.Rg3 Bf4 34.Rxh3 h6 35.a4 Rc1 36.a5 a6
37.b5 axb5 38.a6 Rd1+ 39.Ke2 Ra1 40.Nh4 Rc2+ 41.Kd3 Rca2 42.Ng6 Rd1+ 43.Kc3 Bd2+
44.Kd3 Bb4+ 45.Ke3 Bc5+ 46.Kf3 Rg1 47.Rg3 Rf1+ 48.Kg4 Rxh2 49.Rh3 Rxh3 50.Rxh3 Kg7
51.Ra3 Ba7 52.Rc3 Bc5 53.Rxc5  1-0

[Event "EU-ch U16"]
[Site "Murek"]
[Date "1998.??.??"]
[Round "2"]
[White "Roiz, Michael"]
[Black "Szilagyi, Zsolt"]
[Result "1-0"]
[WhiteElo "2355"]
[BlackElo "2170"]

1.d4 Nf6 2.Bg5 Ne4 3.Bh4 d5 4.f3 Nd6 5.Nc3 c6 6.e4 Qa5 7.Bd3 e5 8.Ne2 dxe4
9.fxe4 Nd7 10.O-O f6 11.Be1 exd4 12.Nxd4 Ne5 13.Nd5 Qd8 14.Nf4 Nxd3 15.cxd3 Qe7
16.Bb4 Qe5 17.Bc3 Nb5 18.Nxb5 Qxb5 19.e5 g6 20.exf6 Kf7 21.Kh1 Bd6 22.a4 Qb6
23.b4 Bxf4 24.Rxf4 Be6 25.Re4 Qc7 26.Rxe6 Kxe6 27.Qg4+ Kf7 28.Qc4+ Ke8 29.f7+ Kd7
30.Bxh8 Rxh8  1-0

[Event "EU-ch U18"]
[Site "Murek"]
[Date "1998.??.??"]
[Round "3"]
[White "Dyce, Andrew"]
[Black "Dempsey, Paul"]
[Result "0-1"]
[WhiteElo "2295"]
[BlackElo "2075"]

1.d4 Nf6 2.Bg5 Ne4 3.Bf4 c5 4.f3 Nf6 5.d5 Qb6 6.Nc3 Qxb2 7.Bd2 Qb6 8.e4 d6
9.f4 e6 10.dxe6 Bxe6 11.f5 Bd7 12.Bc4 Bc6 13.Nf3 Nbd7 14.O-O Be7 15.Bf4 Nxe4
16.Nd5 Qd8 17.Re1 Ndf6 18.Nxe7 Kxe7 19.Rb1 Re8 20.Ng5 d5 21.Nxe4 Nxe4 22.Qh5 dxc4
23.Bg5+ f6 24.Qxh7 Kf8 25.Rbd1 Nxg5 26.Qh8+ Kf7 27.Qh5+ Kg8 28.Rxd8 Raxd8
29.Rxe8+ Rxe8 30.h4 Nf7 31.Qd1 Rd8 32.Qe2 Ne5 33.Qe3 Rd1+  0-1

[Event "RUS-Cup"]
[Site "Omsk/Perm"]
[Date "1998.??.??"]
[Round "9"]
[White "Kolmachevskikh, Viktor"]
[Black "Krapivin, Vladislav"]
[Result "1-0"]
[WhiteElo "2280"]
[BlackElo "2385"]

1.d4 Nf6 2.Bg5 Ne4 3.Bh4 g5 4.f3 gxh4 5.fxe4 c5 6.e3 Bh6 7.Bc4 Qb6 8.Nf3 Qxb2
9.Nbd2 Bxe3 10.Bxf7+ Kd8 11.Rb1 Qc3 12.Rb3 Bxd2+ 13.Nxd2 Qxd4 14.Rd3 Qg7
15.O-O Kc7 16.Qh5 Nc6 17.Qxc5 d6 18.Qd5 Rf8 19.Nc4 h3 20.g3 Bg4 21.e5 dxe5
22.Na5 Rad8 23.Qb5 Nxa5 24.Qxa5+ Kc8 25.Rc3+ Kb8 26.Qc7+ Ka8 27.Rb1 Rb8 28.Bd5 Bc8
29.Qxc8 Rfxc8 30.Bxb7+  1-0

[Event "Wch U14"]
[Site "Oropesa del Mar"]
[Date "1998.??.??"]
[Round "9"]
[White "Bu Xiangzhi"]
[Black "Alekseev, Evgeny"]
[Result "1/2-1/2"]
[WhiteElo "2290"]
[BlackElo "2270"]

1.d4 Nf6 2.Bg5 Ne4 3.Bf4 d5 4.Nd2 Bf5 5.e3 e6 6.Nxe4 dxe4 7.Ne2 Be7 8.c4 O-O
9.Nc3 Bf6 10.Qc2 c5 11.dxc5 Qa5 12.Rc1 Qxc5 13.Be2 Nc6 14.O-O Bxc3 15.Qxc3 e5
16.Bg3 a5 17.a3 a4 18.Qc2 Bg6 19.Rfd1 f5 20.Rd5 Qe7 21.Qd2 Rf7 22.Rd1 Raf8
23.f4 exf3 24.Bxf3 Rc8 25.Rd7 Qxd7 26.Qxd7 Rxd7 27.Rxd7 e4 28.Bd1 Na5 29.Bxa4 Be8
30.Rd5 Bxa4 31.Rxa5 Rxc4 32.Ra8+ Kf7 33.h4 h6 34.Be5 g5 35.hxg5 hxg5 36.Bc3 Be8
37.Ra5 Bd7 38.Rd5 Ke6 39.Re5+ Kd6 40.Ra5 Rc8 41.Kf2 Be6 42.Rb5 Bd5 43.Kg3 Rg8
44.b4 f4+ 45.exf4 gxf4+ 46.Kxf4 Rxg2 47.Be5+ Ke6 48.Rb6+ Bc6 49.b5 Rf2+ 50.Ke3 Rf3+
51.Ke2 Rb3 52.Bd4 Rxb5 53.Rxb5 Bxb5+ 54.Ke3  1/2-1/2

[Event "Atom Cup IM 3rd"]
[Site "Paks"]
[Date "1998.??.??"]
[Round "3"]
[White "Berkes, Ferenc"]
[Black "Sevo, Igor"]
[Result "1-0"]
[WhiteElo "2290"]
[BlackElo "2155"]

1.d4 Nf6 2.Bg5 Ne4 3.Bf4 c5 4.f3 Qa5+ 5.c3 Nf6 6.Nd2 cxd4 7.Nb3 Qb6 8.Qxd4 Nc6
9.Qxb6 axb6 10.Nd4 e5 11.Nxc6 exf4 12.Nd4 Bc5 13.g3 Nd5 14.gxf4 Ne3 15.Kd2 Nxf1+
16.Rxf1 Rxa2 17.Kc2 d6 18.e3 Bd7 19.Nge2 Ke7 20.Ra1 Rha8 21.Rxa2 Rxa2 22.Rg1 g6
23.h4 b5 24.Kb1 Ra8 25.b4 Bb6 26.Rg5 h6 27.Rg2 Be6 28.Nxe6 Kxe6 29.e4 d5
30.h5 dxe4 31.fxe4 Kf6 32.Kc2 Rd8 33.hxg6 fxg6 34.Nc1 Be3 35.Nd3 Re8 36.Re2 Bg1
37.Ne5 g5 38.Rg2 Ba7 39.Ng4+ Kg7 40.e5 Rh8 41.f5 h5 42.Nf6 g4 43.Kd3 Rh6
44.Nd5 Bb8 45.Ke4 Rc6 46.f6+ Kf7 47.Kf5 Re6 48.Re2 h4 49.Nf4 Rxe5+ 50.Rxe5 Bxe5
51.Kxe5 h3 52.Ne2 Kg6 53.Ng3  1-0

[Event "HUN-ch U14"]
[Site "Paks"]
[Date "1998.??.??"]
[Round "6"]
[White "Berkes, Ferenc"]
[Black "Flumbort, Andras"]
[Result "1-0"]
[WhiteElo "2230"]
[BlackElo "2225"]

1.d4 Nf6 2.Bg5 Ne4 3.Bf4 c5 4.f3 Qa5+ 5.c3 Nf6 6.Nd2 cxd4 7.Nb3 Qb6 8.Qxd4 Nc6
9.Qxb6 axb6 10.Nd4 e5 11.Nxc6 exf4 12.Nd4 Bc5 13.g3 Nd5 14.gxf4 Ne3 15.Kd2 Nxf1+
16.Rxf1 Rxa2 17.Kc2 Bxd4 18.cxd4 d6 19.e3 Ke7 20.Ne2 Bh3 21.Rfg1 Rc8+ 22.Nc3 Kf8
23.e4 Bd7 24.Kb3 Ra5 25.h4 b5 26.Rc1 Rc4 27.Rhd1 Ra8 28.f5 Rac8 29.Na2 d5
30.Rxc4 bxc4+ 31.Kc3 Ke7 32.Nb4 dxe4 33.fxe4 Bb5 34.Ra1 g6 35.Ra5 Bd7 36.Nd5+ Ke8
37.Nb6 Rd8 38.Re5+ Kf8 39.Rd5 Ke8 40.fxg6 fxg6 41.Rxd7  1-0

[Event "Pardubice Czech op"]
[Site "Pardubice"]
[Date "1998.??.??"]
[Round "3"]
[White "Jirovsky, Pavel"]
[Black "Oral, Tomas"]
[Result "0-1"]
[WhiteElo "2395"]
[BlackElo "2455"]

1.d4 Nf6 2.Bg5 Ne4 3.h4 c5 4.dxc5 Nc6 5.Nf3 Qa5+ 6.Nbd2 g6 7.c3 Nxg5 8.hxg5 Qxc5
9.e4 d6 10.Nb3 Qb6 11.Qd2 Bg7 12.Bc4 Bd7 13.O-O-O Rc8 14.Kb1 a5 15.Rc1 a4
16.Nbd4 Na5 17.Bd3 a3 18.b4 O-O 19.Ka1 Nc6 20.Bc2 Nxd4 21.cxd4 Bg4 22.Bb3 Bxf3
23.gxf3 Qxd4+ 24.Qxd4 Bxd4+ 25.Kb1 Bxf2 26.Bd5 Be3 27.Rcf1 Bxg5 28.f4 Bf6
29.Rf3 e6 30.Bb3 Rc3 31.Rf2 Kg7 32.f5 exf5 33.exf5 Rfc8 34.Rfh2 h5 35.fxg6 fxg6
36.Rg2 g5 37.Bc2 h4 38.Rd1  0-1

[Event "Paris"]
[Site "Paris"]
[Date "1998.??.??"]
[Round "3"]
[White "Large, Laurent"]
[Black "Montheard, Xavier"]
[Result "1/2-1/2"]
[WhiteElo "2245"]
[BlackElo "2220"]

1.d4 Nf6 2.Bg5 Ne4 3.Bf4 c5 4.f3 Qa5+ 5.c3 Nf6 6.d5 e6 7.e4 exd5 8.exd5 d6
9.Na3 Be7 10.Ne2 Nh5 11.Be3 O-O 12.Nc4 Qd8 13.a4 b6 14.Qd2 Ba6 15.Nf4 Nxf4
16.Bxf4 Re8 17.Kf2 Bf8 18.Bg5 Qc7 19.Bd3 Bb7 20.Rhe1 Nd7 21.Ne3 a6 22.Re2 h6
23.Bh4 Ne5 24.c4 Bc8 25.Bc2 Be7 26.Bg3 Bf6 27.Rae1 Bd7 28.f4 Ng6 29.b3 b5
30.Nf5 Rxe2+ 31.Rxe2 Rd8 32.Qd3 Bxf5 33.Qxf5 bxc4 34.bxc4 Qa5 35.h4 Qc3 36.Bd3 Qa1
37.h5 Nf8 38.Kf3 Qxa4 39.Be1 Re8 40.Rxe8 Qxe8 41.Ba5 Qb8  1/2-1/2

[Event "Paris"]
[Site "Paris"]
[Date "1998.??.??"]
[Round "5"]
[White "Large, Laurent"]
[Black "Le Quang, Kim"]
[Result "1/2-1/2"]
[WhiteElo "2245"]
[BlackElo "2265"]

1.d4 Nf6 2.Bg5 Ne4 3.Bf4 c5 4.f3 Qa5+ 5.c3 Nf6 6.Nd2 cxd4 7.Nb3 Qb6 8.Qxd4 Nc6
9.Qxb6 axb6 10.Nd4 Nxd4 11.cxd4 d5 12.e3 e6 13.g4 Bd7 14.Bd3 Bb4+ 15.Kf2 O-O
16.Ne2 Rfc8 17.a3 Be7 18.Rhc1 Ne8 19.Rxc8 Rxc8 20.Rc1 Rxc1 21.Nxc1 Nd6  1/2-1/2